zpět

Detail výsledku týmu

KEGzistence, Plzeň

Datum a čas kvízu

30.5 Celkem bodů Celkový počet nahraných bodů na tomto kvízu bez doplňovacích otázek.
3. Pořadí na kvízu Konečné umístění týmu na tomto kvízu.

Zaznamenané odpovědi

# Otázka Odpověď Body Výsledky
1. Ministerstvo obrany opět nabíz... řopík 1
2. Prezident Paul Biya je v 92 le... D) Kamerun 0
3. Zříceninu jednoho českého hrad... Trosky; Kingdom Come: Deliverance (2) 1
4. Britská pobočka jednoho maloob... Lidl 0
5. Počátkem týdne řešila sportovn... liliputáni (lidé s achondroplázií) 1
6. Jak se jmenují herečtí předsta... Václav Lohniský, Valerie Kaplanová 0
7. „Tanec smrti“ je výtvarné téma... danse macabre 0
8. Pikové eso bývá nazýváno karto... 2003 (bod připisujeme za odpovědi 2002 až 2004) 1
9. Doplňte tři slova v názvu romá... si říká Engelchen 0
10. Napište čtyřpísmenné jméno hin... Kálí 0